Famous beards picture quiz - Statistics

General Stats
  • This quiz has been taken 134 times
  • The average score is 6 of 16
Answer Stats
Picture Hint Answer % Correct
(benefactor of good children) Santa Claus
98%
(Messiah) Jesus Christ
95%
(revolutionary) Che Guevara
83%
(poet & playwright) William Shakespeare
73%
(philosopher, historian, economist, sociologist, & journalist) Karl Marx
66%
(monk) Rasputin
60%
(teacher) Socrates
49%
(actor) Brian Blessed
29%
(painter) Claude Monet
25%
(composer) Tchaikovsky
14%
(Roman Emperor) Hadrian
13%
(author) Fyodor Dostoevsky
11%
(founder of China) Qin Shi Huang
11%
(Pharaoh) Hatshepsut
3%
(performer) Julia Pastrana
3%
(farmer) Hans Langseth
1%
No matching quizzes found
Score Distribution
Percent of People with Each Score
Percentile by Number Answered
Your Score History
You have not taken this quiz